| 000 | 05072nam a2200469 a 4500 | ||
|---|---|---|---|
| 001 | xb31298990 | ||
| 006 | m d | ||
| 007 | cr n | ||
| 008 | 201117t20202020enk sb 001 0 eng d | ||
| 020 | _a9781783748983 (pdf) | ||
| 020 | _a9781783748990 (epub) | ||
| 020 | _a9781783749003 (mobi) | ||
| 020 | _z9781783748969 (pbk.) | ||
| 020 | _z978178374897 (hbk.) | ||
| 020 | _z9781783749010 (XML) | ||
| 040 |
_aStSaUL _beng _erda |
||
| 041 | 1 |
_aeng _hfre |
|
| 100 | 1 |
_aWarman, Caroline, _eauthor. |
|
| 245 | 1 | 4 |
_aThe atheist's bible _h[electronic resource] : _bDiderot's Éléments de physiologie / _cCaroline Warman. |
| 264 | 1 | _bOpen Book Publishers, | |
| 300 | _a1 online resource (442 pages) | ||
| 500 | _aAvailable through Open Book Publishers. | ||
| 504 | _aIncludes bibliography (pages 403-420) and index. | ||
| 505 | 0 | _aContents -- Preface -- 1. Introduction: The Curious Materialist / Caroline Warman -- 2. 'Toutes les imperfections de l'inachèvement': The Mystification about the Manuscript Fragments / Caroline Warman -- 3. Material World and Embodied Mind / Caroline Warman -- 4. Diderot the Physiologist / Caroline Warman -- 5. 1790: Naigeon and the Adresse à l'Assemblée nationale / Caroline Warman -- 6. 1792: Naigeon's Article on 'Diderot' in the Encyclopédie méthodique: Philosophie ancienne et moderne / Caroline Warman -- 7. 1794: 'Le citoyen Garron', the Comité d'instruction publique, and the Lost Manuscript of the Éléments de physiologie / Caroline Warman -- 8. 1794-95: Garat and the École normale / Caroline Warman -- 9. 1796-97: Cabanis and Destutt de Tracy at the Institut national / Caroline Warman -- 10. 1798, 1802: Naigeon, the OEuvres de Diderot, and the Censored Preface to Montaigne / Caroline Warman -- 11. 1820: Garat's Mémoires historiques sur la vie de M. Suard, sur ses écrits, et sur le XVIIIe siècle / Caroline Warman -- 12. 1823: Naigeon's Mémoires historiques et philosophiques sur la vie et les ouvrages de Denis Diderot / Caroline Warman -- 13. Conclusion / Caroline Warman -- Acknowledgements -- Bibliography -- Index. | |
| 506 | _aOpen access resource providing free access. | ||
| 520 | _a"'Love is harder to explain than hunger, for a piece of fruit does not feel the desire to be eaten': Denis Diderot's Éléments de physiologie presents a world in flux, turning on the relationship between man, matter and mind. In this late work, Diderot delves playfully into the relationship between bodily sensation, emotion and perception, and asks his readers what it means to be human in the absence of a soul. The Atheist's Bible challenges prevailing scholarly views on Diderot's Éléments, asserting its contemporary philosophical importance, and prompting its readers to inspect more closely this little-known and little-studied work. In this timely volume, Warman establishes the place of Diderot's Éléments in the trajectory of materialist theories of nature and the mind stretching back to Epicurus and Lucretius, and explores the fascinating reasons behind scholarly neglect of this seminal work. In turn, Warman outlines the hitherto unacknowledged dissemination and reception of Diderot's Éléments, demonstrating how Diderot's Éléments was circulated in manuscript-form as early as the 1790s, thus showing how the text came to influence the next generations of materialist thinkers. This book is accompanied by a digital edition of Jacques-André Naigeon's Mémoires historiques et philosophiques sur la vie et les ouvrages de Denis Diderot (1823), a work which, Warman argues, represents the first publication of Diderot's Éléments, long before its official publication date of 1875. The Atheist's Bible constitutes a major contribution to the field of Diderot studies, and will be of further interest to scholars and students of materialist natural philosophy in the Age of Enlightenment and beyond."--Publisher's website. | ||
| 538 | _aMode of access: World Wide Web. | ||
| 540 | _aThis work is licensed under a Creative Commons Attribution 4.0 International license (CC BY 4.0). For more detailed information consult the publisher's website. | ||
| 546 | _aExtracts of texts in French with English translations. | ||
| 600 | 1 | 0 |
_aDiderot, Denis, _d1713-1784. _tÉléments de physiologie. |
| 600 | 1 | 0 |
_aDiderot, Denis, _d1713-1784. _xPhilosophy. |
| 600 | 1 | 0 |
_aNaigeon, Jacques-André, _d1738-1810. _tMémoires historiques et philosophiques sur la vie et les ouvrages de Denis Diderot. |
| 650 | 0 |
_aPhysiology _vEarly works to 1800. |
|
| 700 | 1 | 2 |
_aNaigeon, Jacques-André, _d1738-1810. _tMémoires historiques et philosophiques sur la vie et les ouvrages de Denis Diderot. |
| 710 | 2 |
_aOpen Book Publishers, _epublisher. |
|
| 856 | 4 | 0 |
_uhttp://dx.doi.org/10.11647/OBP.0199 _zConnect to e-book |
| 856 | 4 | 2 |
_uhttp://www.openbookpublishers.com/shopimages/products/cover/1150 _zConnect to cover image |
| 999 |
_c29072 _d29072 |
||